000 00499nam a22001697a 4500
005 20251108170511.0
008 250721s9999 xx 000 0 ara d
082 1 4 _aم/811.962/شوق
100 1 _aشوقي، أحمد
245 1 0 _aالشوقيات :
_bديوان أمير الشعر أحمد شوقي /
264 1 _aبيروت :
_bدار الأرقم،
_c[19-].
300 _a2مج
650 1 7 _aالشعر العربي
650 1 7 _aتاريخ مصر
942 _2ddc
_cREF
999 _c42020
_d42020